5HLuxD.jpg

KING HENRY VIII SENIOR AND PRIMARY SCHOOL LIBRARY OPAC

The ant and the grasshopper / (Record no. 1633)

000 -LEADER
fixed length control field 01011nam a22003378i 4500
001 - CONTROL NUMBER
control field 021871130
003 - CONTROL NUMBER IDENTIFIER
control field UkOxU
005 - DATE AND TIME OF LATEST TRANSACTION
control field 20230116121938.0
008 - FIXED-LENGTH DATA ELEMENTS--GENERAL INFORMATION
fixed length control field 190730s2019 enka j 000|f|eng|d
015 ## - NATIONAL BIBLIOGRAPHY NUMBER
National bibliography number GBB9D4612
Source bnb
016 7# - NATIONAL BIBLIOGRAPHIC AGENCY CONTROL NUMBER
Record control number 019495423
Source Uk
020 ## - INTERNATIONAL STANDARD BOOK NUMBER
International Standard Book Number 9781474956567 (hbk.) :
035 ## - SYSTEM CONTROL NUMBER
System control number (Uk)019495423
040 ## - CATALOGING SOURCE
Original cataloging agency StDuBDS
Language of cataloging eng
Description conventions rda
Transcribing agency StDuBDS
Modifying agency KH8
082 04 - DEWEY DECIMAL CLASSIFICATION NUMBER
Classification number 823.92 DAV
Edition number 23
100 1# - MAIN ENTRY--PERSONAL NAME
Personal name Davidson, Susanna,
Relator term author.
245 14 - TITLE STATEMENT
Title The ant and the grasshopper /
Statement of responsibility, etc. Susanna Davidson ; illustrated by John Joven.
263 ## - PROJECTED PUBLICATION DATE
Projected publication date 201910
264 #1 - PRODUCTION, PUBLICATION, DISTRIBUTION, MANUFACTURE, AND COPYRIGHT NOTICE
Place of production, publication, distribution, manufacture London :
Name of producer, publisher, distributor, manufacturer Usborne Publishing Ltd.,
Date of production, publication, distribution, manufacture, or copyright notice 2019.
300 ## - PHYSICAL DESCRIPTION
Extent 1 volume :
Other physical details illustrations (colour) ;
Dimensions 20 cm.
336 ## - CONTENT TYPE
Content type term text
Source rdacontent
336 ## - CONTENT TYPE
Content type term still image
Source rdacontent
337 ## - MEDIA TYPE
Media type term unmediated
Source rdamedia
338 ## - CARRIER TYPE
Carrier type term volume
Source rdacarrier
490 0# - SERIES STATEMENT
Series statement Usborne first reading. Level three
655 #0 - INDEX TERM--GENRE/FORM
Genre/form data or focus term Fables.
655 #0 - INDEX TERM--GENRE/FORM
Genre/form data or focus term Children's stories.
700 1# - ADDED ENTRY--PERSONAL NAME
Personal name Joven, John,
Relator term illustrator.
700 0# - ADDED ENTRY--PERSONAL NAME
Personal name Aesop.
942 ## - ADDED ENTRY ELEMENTS (KOHA)
Source of classification or shelving scheme
Koha item type Books - Non Ficton
Holdings
Withdrawn status Lost status Source of classification or shelving scheme Damaged status Not for loan Collection code Permanent Location Current Location Shelving location Date acquired Total Checkouts Full call number Barcode Date last seen Date last checked out Price effective from Koha item type
          Non-Fiction KH8 Primary School Library KH8 Primary School Library Non Fiction 2023-01-16 19 823.92 DAV KHPL000003392 2026-04-16 2026-04-09 2023-01-16 Books - Non Ficton

Powered By KH8 IT Dept